[Event "Hong Kong op"]
[Site "Hong Kong"]
[Date "2014.10.03"]
[Round "5"]
[White "Wolfaardt, Francois"]
[Black "Benham, Hamdolah"]
[Result "0-1"]
[WhiteElo "1761"]
[BlackElo "1975"]
[PlyCount "184"]
[EventDate "2014.10.01"]
[EventType "swiss"]
[EventRounds "9"]
[EventCountry "HKG"]
[SourceTitle "CBM 162 Extra"]
[Source "ChessBase"]
[SourceDate "2014.10.17"]
[SourceVersion "1"]
[SourceVersionDate "2014.10.17"]
[SourceQuality "1"]

1. b3 e5 2. Bb2 Nc6 3. e3 d5 4. Bb5 Bd6 5. f4 Qe7 6. Nf3 Bg4 7. h3 Bxf3 8. Qxf3 a6 9. Bxc6+ bxc6 10. fxe5 Bxe5 11. Bxe5 Qxe5 12. 0-0 Nf6 13. Nc3 0-0 14. Qf4 Rfe8 15. Qxe5 Rxe5 16. Rf4 Nd7 17. Raf1 f6 18. Rb4 Ra7 19. Ne2 a5 20. Rg4 c5 21. Ng3 Kf7 22. Rf5 g6 23. Rf1 Rb7 24. Ra4 Ra7 25. Raf4 Re6 26. Re1 c6 27. a4 Rb7 28. Ref1 Rb4 29. Rxb4 cxb4 30. Kf2 c5 31. d3 f5 32. Ke2 Ke7 33. Kd2 Nb6 34. Rf4 c4 35. e4 c3+ 36. Ke3 dxe4 37. dxe4 Nd5+ 38. Kf3 Nxf4 39. Kxf4 Kf6 40. exf5 gxf5 41. Nxf5 Re2 42. Ne3 h5 43. h4 Kg6 44. Kf3 Rd2 45. Ke4 Kf6 46. Nd5+ Ke6 47. Ne3 Re2 48. Kd3 Rd2+ 49. Ke4 Rf2 50. Kd3 Rf4 51. Nc4 Kd5 52. Ne3+ Kc5 53. Nc4 Rxh4 54. Ne3 Rh2 55. Ke4 h4 56. Kf3 Rh1 57. Kf2 Rc1 58. Ke2 Rh1 59. Nf1 h3 60. gxh3 Rxh3 61. Ne3 Rh2+ 62. Kd3 Rd2+ 63. Ke4 Rd4+ 64. Kf3 Rh4 65. Ke2 Rh1 66. Kd3 Re1 67. Ke4 Rh1 68. Kd3 Rh8 69. Ke2 Kd4 70. Nf5+ Ke4 71. Ng3+ Kf4 72. Nf1 Rh1 73. Kf2 Rh8 74. Ke2 Rg8 75. Kf2 Re8 76. Ng3 Rd8 77. Nf1 Rd1 78. Ke2 Rc1 79. Ne3 Re1+ 80. Kxe1 Kxe3 81. Kd1 Kf2 82. Kc1 Ke2 83. Kb1 Kd2 84. Ka1 Kxc2 85. Ka2 Kd2 86. Kb1 c2+ 87. Ka2 Kd1 88. Ka1 c1Q+ 89. Ka2 Qc6 90. Ka1 Kc2 91. Ka2 Qd5 92. Ka1 Qd4+ 0-1

[Event "Hong Kong op"]
[Site "Hong Kong"]
[Date "2014.10.01"]
[Round "2"]
[White "Benham, Hamdolah"]
[Black "Soumya, Swaminathan"]
[Result "0-1"]
[WhiteElo "1975"]
[BlackElo "2310"]
[PlyCount "92"]
[EventDate "2014.10.01"]
[EventType "swiss"]
[EventRounds "9"]
[EventCountry "HKG"]
[SourceTitle "CBM 162 Extra"]
[Source "ChessBase"]
[SourceDate "2014.10.17"]
[SourceVersion "1"]
[SourceVersionDate "2014.10.17"]
[SourceQuality "1"]

1. e4 c5 2. Nf3 d6 3. d4 cxd4 4. Nxd4 Nf6 5. Nc3 Nc6 6. Be2 g6 7. Be3 Bg7 8. 0-0 0-0 9. h3 Bd7 10. Qd2 Nxd4 11. Bxd4 Bc6 12. Bf3 a6 13. Rad1 Rc8 14. Rfe1 Re8 15. Qe3 Qa5 16. a3 Nd7 17. Bg4 Bxd4 18. Qxd4 Rcd8 19. Nd5 Bxd5 20. exd5 f5 21. Be2 Qc5 22. Qd2 Ne5 23. b4 Qc7 24. f4 Nc4 25. Bxc4 Qxc4 26. Re2 Rc8 27. Qe3 Qc3 28. Qe6+ Kf8 29. Rd3 Qa1+ 30. Kh2 Qc1 31. Rdd2 Qxa3 32. g4 Rc3 33. gxf5 Rxh3+ 34. Kg1 Qc1+ 35. Kf2 Qh1 36. Qe4 Qxe4 37. Rxe4 gxf5 38. Rc4 Kf7 39. Kg2 Rh4 40. Kg3 Rh6 41. Re2 e6 42. dxe6+ Rhxe6 43. Rd2 Re3+ 44. Kf2 R3e4 45. Rxe4 Rxe4 46. Rxd6 Rxf4+ 0-1